Missing Word: Nintendo 64 Games A-Z Quiz Stats

 Plays Quiz Updated Feb 15, 2018

Challenge
Share
Tweet
Embed
Score 0/26 Timer 04:00
0 Plays Today
Game Title Answer % Correct
____ Kong 64Donkey
96.6%
The ____ of Zelda: Ocarina of TimeLegend
94.4%
Mario ____ 64Kart
91.5%
____: Warrior Princess: The Talisman of FateXena
80.1%
Duke ____ 64Nukem
76.1%
____ 007GoldenEye
75.1%
Super ____ BrosSmash
74.7%
Star ____ 64Fox
67.1%
Space Station Silicon ____Valley
64.2%
Mike Piazza's Strike ____Zone
61.2%
____ Jim 3DEarthworm
59.1%
NFL ____ Club 2001Quarterback
54.2%
____ Road ChallengeOff
54.2%
Game Title Answer % Correct
____ StadiumPokémon
43%
____ Bad Fur DayConker's
42%
Ridge ____ 64Racer
39.7%
____ StoryYoshi's
39.6%
____ Moon 64Harvest
38.3%
____ Force GeminiJet
36%
Worms ____Armageddon
33.4%
____ Race 64Wave
31.5%
Rampage 2: ____ TourUniversal
19.3%
Mortal Kombat ____Trilogy
17.3%
____ MakersMischief
14.9%
Top Gear Hyper ____Bike
11.2%
____ Reckin' BallsIggy's
10.4%

Today's Daily Dose

Word Ladder
Homophones Ate

Quick Pick
RGB Colors

On This Day
August 18th II

You're not logged in!

Compare scores with friends on all Sporcle quizzes.
Join for Free
OR
Log In

You Might Also Like...

Show Comments

Extras

Top Quizzes Today


Score Distribution

Your Account Isn't Verified!

In order to create a playlist on Sporcle, you need to verify the email address you used during registration. Go to your Sporcle Settings to finish the process.

Report this User

Report this user for behavior that violates our Community Guidelines.

Details: